00625 a2200181 450000500170000000800410001701000140005802000230007203500130009503700180010808200110012610000190013724500890015626000390024527000780028430000310036250000500039320080911154359.0080911t xxu||||| |||| 00| 0 eng d aENG-87720 c750.00a0761935827 aEN-71253 bD.B.Act / Pub a306.01 aValsiner, Jaan aCulture in minds and societiescby Jaan Valsinerbfoundations of cultural psychology aNew DelhibSage Publicationsc2007 aB1/11, Mohan Cooperative Industrial Area, Mathura RoadbNew Delhie110044 axiii, 287 p.c22 cm. (Hb). aIncludes bibliographical references and index